[Event "Tourn. n8348"]
[Site "www.chess-mail.com"]
[Date "2015.10.03"]
[Round "1"]
[White "Bojan"]
[Black "Osopanda"]
[WhiteElo "1930"]
[BlackElo "1970"]
[Result "1-0"]
[Round "1"]
1.e4 c5
2.Ng1f3 d6
3.Bf1c4 e6
4.d4 cxd4
5.Nf3xd4 Ng8f6
6.Nb1c3 a6
7.f4 Nb8c6
8.Nd4xc6 bxc6
9.Bc1e3 Bf8e7
10.Bc4d3 e5
11.O-O exf4
12.Be3xf4 O-O
13.e5 dxe5
14.Bf4xe5 Qd8b6
15.Kh1 Bc8e6
16.b3 Rf8d8
17.Qd1f3 Nf6d5
18.Nc3xd5 Be6xd5
19.Qf3g3 Be7f8
20.Be5c7 Qb6d4
21.Bc7xd8 Ra8xd8
22.Ra1d1 g6
23.Qg3g5 f6
24.Qg5g3 Bf8d6
25.Qg3h3 Qd4e5
26.Rd1e1 Qe5g5
27.Re1e2 f5
28.Rf1e1 f4
29.Re2e8 Kg7
30.Re8xd8 Qg5xd8
31.Bd3xa6 c5
32.Re1d1 Qd8g5
33.c4 f3
34.cxd5 fxg2
35.Qh3xg2 Qg5h5
36.Ba6e2 Qh5e5
37.Be2c4 h5
38.a4 Kh6
39.a5 Bd6c7
40.a6 Bc7b8
41.Rd1g1 g5
42.Rg1f1 h4
43.Qg2f2 Qe5e4
44.Qf2f3 { resign }
1-0

[Event "Tourn. n8388"]
[Site "www.chess-mail.com"]
[Date "2015.10.03"]
[Round "1"]
[White "Norlavuaram"]
[Black "Xkafi"]
[WhiteElo "2100"]
[BlackElo "2010"]
[Result "1-0"]
[Round "1"]
1.e4 e5
2.Ng1f3 Nb8c6
3.Bf1b5 Qd8f6
4.O-O a6
5.Bb5a4 Nc6d4
6.Nf3xd4 exd4
7.d3 Bf8b4
8.Nb1d2 b5
9.Ba4b3 Bc8b7
10.Nd2f3 h6
11.e5 Qf6g6
12.Bc1f4 Ng8e7
13.Bf4g3 Ne7f5
14.a3 Bb4a5
15.Qd1e2 O-O
16.Bb3a2 Nf5xg3
17.hxg3 Ra8e8
18.b4 Ba5b6
19.Nf3h4 Qg6g5
20.Ra1e1 d6
21.Nh4f3 Qg5h5
22.Qe2d2 Bb7xf3
23.gxf3 Qh5xf3
24.e6 fxe6
25.Ba2xe6 Kh8
26.Be6h3 c5
27.Bh3g2 Qf3h5
28.Re1xe8 Rf8xe8
29.Qd2f4 Bb6c7
30.Bg2c6 Re8e7
31.Qf4f8 Kh7
32.Qf8xe7 { resign }
1-0

[Event "Tourn. n8411"]
[Site "www.chess-mail.com"]
[Date "2015.10.03"]
[Round "1"]
[White "Derfel83"]
[Black "Maredocla"]
[WhiteElo "1980"]
[BlackElo "1990"]
[Result "0-1"]
[Round "1"]
1.c4 e5
2.g3 g6
3.Bf1g2 Bf8g7
4.e3 Ng8e7
5.b3 e4
6.Nb1c3 Bg7xc3
7.dxc3 f5
8.Qd1d4 O-O
9.Bc1a3 Nb8c6
10.Qd4d2 d6
11.Ng1e2 Nc6e5
12.Ne2f4 g5
13.Nf4d5 Ne5d3
14.Ke2 Ne7xd5
15.cxd5 Qd8e8
16.f3 Qe8h5
17.c4 Bc8d7
18.Qd2c3 Nd3e5
19.g4 exf3
20.Bg2xf3 fxg4
21.Bf3xg4 Qh5xg4
{ resign }
0-1

[Event "Tourn. n8334"]
[Site "www.chess-mail.com"]
[Date "2015.10.03"]
[Round "1"]
[White "Falcoale"]
[Black "Osopanda"]
[WhiteElo "1890"]
[BlackElo "1970"]
[Result "1-0"]
[Round "1"]
1.e4 c5
2.Ng1f3 d6
3.d4 cxd4
4.Nf3xd4 Ng8f6
5.Nb1c3 a6
6.Bf1d3 e5
7.Nd4f3 Bc8e6
8.O-O Nb8d7
9.h3 b5
10.b3 b4
11.Nc3e2 d5
12.Nf3d2 Nd7c5
13.Bc1b2 Bf8d6
14.exd5 Nf6xd5
15.Nd2c4 Nc5xd3
16.cxd3 Nd5c3
17.Ne2xc3 bxc3
18.Bb2xc3 Bd6c7
19.Rf1e1 O-O
20.Nc4xe5 Qd8d6
21.a3 f6
22.Ne5c4 Qd6h2
23.Kf1 Be6d5
24.Ke2 Rf8e8
25.Kd2 Bc7f4
26.Kc2 Qh2xg2
27.Bc3d2 Qg2xf2
28.Re1f1 Qf2xd2
29.Nc4xd2 Ra8c8
30.Nd2c4 Bf4e5
31.Ra1b1 Re8d8
32.Qd1g4 Bd5f7
33.Kd2 Rd8d4
34.Qg4xc8 { resign }
1-0

[Event "Tourn. n8390"]
[Site "www.chess-mail.com"]
[Date "2015.10.03"]
[Round "1"]
[White "Liencam2"]
[Black "Maredocla"]
[WhiteElo "2290"]
[BlackElo "2000"]
[Result "1-0"]
[Round "1"]
1.e4 c5
2.Nb1c3 Nb8c6
3.Ng1f3 g6
4.d4 cxd4
5.Nf3xd4 Bf8g7
6.Nd4xc6 Bg7xc3
7.bxc3 bxc6
8.Bf1c4 Ra8b8
9.Qd1f3 f6
10.Bc1f4 d6
11.e5 dxe5
12.Bf4xe5 Rb8b2
13.Bc4b3 Bc8f5
14.Qf3xc6 Bf5d7
15.Qc6e4 fxe5
16.Qe4xe5 Ng8f6
17.c4 Rb2xb3
18.cxb3 O-O
19.O-O Rf8e8
20.h3 Qd8c8
21.Kh2 Kf7
22.Ra1c1 Qc8a6
23.Rc1c2 Qa6e6
24.Rf1e1 Qe6f5
25.Rc2e2 Qf5h5
26.Qe5c7 Qh5f5
27.Qc7xa7 e6
28.Qa7d4 Qf5g5
29.Re2e5 Qg5h6
30.Re1e3 Qh6f8
31.Re3f3 Kg7
32.a4 Qf8b4
33.Rf3xf6 Kxf6
34.Re5b5 e5
35.Qd4b6 Re8e6
36.Qb6xe6 Kxe6
37.Rb5xb4 Kd6
38.Rb4b7 Kc6
39.Rb7xd7 { resign }
1-0

[Event "Tourn. n8398"]
[Site "www.chess-mail.com"]
[Date "2015.10.03"]
[Round "1"]
[White "Luban"]
[Black "Xkafi"]
[WhiteElo "2140"]
[BlackElo "2040"]
[Result "1-0"]
[Round "1"]
1.d4 d5
2.Ng1f3 Bc8f5
3.e3 e6
4.a3 a6
5.h3 h6
6.c4 Ng8f6
7.Nb1c3 c5
8.Bf1d3 Nf6e4
9.Qd1c2 dxc4
10.Bd3xe4 Bf5xe4
11.Nc3xe4 cxd4
12.Nf3xd4 b5
13.O-O Bf8e7
14.b3 cxb3
15.Qc2xb3 Nb8d7
16.Bc1b2 O-O
17.Rf1d1 Qd8b6
18.Nd4xe6 Qb6xe6
19.Qb3xe6 fxe6
20.Rd1xd7 Be7f6
21.Bb2xf6 gxf6
22.Ra1c1 f5
23.Rc1c7 Rf8c8
24.Ne4f6 { resign }
1-0

[Event "Tourn. n8380"]
[Site "www.chess-mail.com"]
[Date "2015.10.03"]
[Round "1"]
[White "Yangqi"]
[Black "Madz123456"]
[WhiteElo "2490"]
[BlackElo "2240"]
[Result "1/2-1/2"]
[Round "1"]
1.e4 c5
2.a3 g6
3.b4 Bf8g7
4.Nb1c3 d6
5.g3 Nb8c6
6.Ra1b1 Ng8f6
7.Bf1g2 O-O
8.Ng1e2 e5
9.d3 Nc6d4
10.O-O b6
11.Bc1g5 h6
12.Bg5xf6 Bg7xf6
13.Nc3d5 Bc8g4
14.f3 Bg4e6
15.Nd5xf6 Qd8xf6
16.c4 Nd4xe2
17.Qd1xe2 Ra8e8
18.Rf1f2 Qf6g7
19.bxc5 dxc5
20.a4 f5
21.a5 f4
22.axb6 Re8b8
23.Rf2f1 Rb8xb6
24.Rb1xb6 axb6
25.Qe2b2 Rf8b8
26.Rf1a1 g5
27.Bg2f1 Qg7c7
28.Bf1e2 Kg7
29.Kf2 Kf6
30.Ra1a6 Be6c8
31.Ra6a1 Qc7d6
{ draw }
1/2-1/2

[Event "Match"]
[Site "www.echecsemail.com"]
[Date "2015.10.03"]
[Round "1"]
[White "Emiondi"]
[Black "Norbos"]
[WhiteElo "1499"]
[BlackElo "1580"]
[Result "1-0"]
[Round "1"]
1.d4 d5
2.c4 e6
3.Ng1f3 Ng8f6
4.Nb1c3 Bf8b4
5.Bc1g5 h6
6.Bg5xf6 Qd8xf6
7.e3 Nb8c6
8.Qd1b3  { time }
1-0

[Event "Match"]
[Site "www.echecsemail.com"]
[Date "2015.10.03"]
[Round "1"]
[White "Llord"]
[Black "Daquata"]
[WhiteElo "1870"]
[BlackElo "1820"]
[Result "0-1"]
[Round "1"]
1.e4 e5
2.Ng1f3 Nb8c6
3.Bf1c4 Bf8c5
4.d3 Ng8f6
5.Nf3g5 O-O
6.Qd1f3 Nc6d4
7.Qf3d1 d6
8.c3 Nd4c6
9.O-O h6
10.Ng5h3 Bc8xh3
11.gxh3 Qd8d7
12.Qd1f3 Nc6a5
13.Nb1d2 Na5xc4
14.Nd2xc4 b5
15.Nc4a5 d5
16.exd5 Nf6xd5
17.b4 Bc5b6
18.Qf3g3 Kh8
19.c4 bxc4
20.Na5xc4 Nd5xb4
21.Bc1b2 f6
22.Nc4xb6 axb6
23.Rf1d1 Nb4xa2
24.h4 Na2b4
25.Ra1xa8 Rf8xa8
26.Qg3f3 Ra8d8
27.Bb2a3 Qd7a4
28.Ba3c1 Qa4b3
29.h5 Rd8xd3
30.Rd1xd3 Qb3xd3
31.Qf3a8 Kh7
32.Qa8e8 c5
33.h4 Qd3d1
34.Kg2 Qd1g4
35.Kf1 c4
36.Qe8f7 b5
37.f3 Qg4xf3
38.Kg1 Qf3g4
39.Kf1 Nb4d3
40.Bc1a3 b4
41.Ba3xb4 Nd3xb4
42.Qf7e8 c3
{ resign }
0-1

[Event "Match"]
[Site "www.echecsemail.com"]
[Date "2015.10.03"]
[Round "1"]
[White "Chapi"]
[Black "Emerchess"]
[WhiteElo "2030"]
[BlackElo "1299"]
[Result "0-1"]
[Round "1"]
1.d4 Ng8f6
2.c4 e6
3.Nb1c3 d5
4.Bc1g5 Nb8d7
5.Ng1f3 Bf8e7
6.e3 O-O
7.cxd5 exd5
8.Bf1d3 c6
9.O-O Be7d6
10.e4 dxe4
11.Nc3xe4 Bd6e7
12.Qd1c2 h6
13.Bg5h4 Nf6d5
14.Bh4xe7 Qd8xe7
15.a3 Nd7f6
16.Rf1e1 Qe7c7
17.Ne4xf6 Nd5xf6
18.h3 Bc8e6
19.Nf3e5 Rf8d8
20.Qc2c5 Qc7d6
21.Ne5f3 Qd6xc5
22.dxc5 Rd8xd3
23.Nf3e5 Rd3d2
24.b4 Ra8d8
25.a4 Rd2c2
26.a5 Rd8d2
{ resign }
0-1

[Event "Match"]
[Site "www.echecsemail.com"]
[Date "2015.10.03"]
[Round "1"]
[White "Santifx"]
[Black "Carlosto"]
[WhiteElo "1329"]
[BlackElo "1649"]
[Result "1-0"]
[Round "1"]
1.e4 e5
2.Ng1f3 Ng8f6
3.d3 d5
4.Nf3xe5 dxe4
5.d4 Nb8c6
6.Bc1f4 Qd8xd4
7.Bf1c4 e3
8.Bc4xf7 Ke7
9.Ne5xc6 bxc6
10.Qd1xd4 Kxf7
11.Qd4d8 Nf6d5
12.g3 Ke6
13.O-O e2
14.Rf1c1 Bf8b4
15.Qd8xh8 Kf5
16.c3 Bb4c5
17.Rc1e1 Bc8b7
18.Qh8xh7 Kg4
19.Kg2 g5
20.h3 { resign }
1-0

[Event "Match"]
[Site "www.echecsemail.com"]
[Date "2015.10.03"]
[Round "1"]
[White "Carlosto"]
[Black "Daviko"]
[WhiteElo "1499"]
[BlackElo "1099"]
[Result "1-0"]
[Round "1"]
1.e3 e5
2.d4 Nb8c6
3.Ng1f3 f6
4.Nb1c3 Ng8h6
5.Bf1c4 d6
6.O-O Bc8f5
7.e4 d5
8.exd5 Nc6b4
9.Bc4b5 c6
10.dxc6 bxc6
11.Bb5xc6 Nb4xc6
12.Qd1e2 g5
13.dxe5 Bf8c5
14.exf6 Kf7
15.Rf1d1 Nc6d4
16.Qe2c4 Kg6
17.Qc4xc5 Bf5xc2
18.Rd1xd4 Qd8e8
19.Rd4f4 Ra8d8
20.Rf4e4 Rd8d1
21.Nc3xd1 Qe8xe4
22.Nd1c3 Rh8d8
23.Qc5e7 Nh6f7
24.g3 Qe4xf3
25.Bc1e3 Bc2f5
26.Kf1 Bf5h3
27.Ke1 Qf3h1
28.Ke2 Bh3g4
29.f3 Qh1xf3
30.Ke1 Qf3h1
31.Kf2 Qh1xh2
32.Ke1 Qh2h1
33.Kf2 Qh1xa1
34.Qe7e4 Kh5
35.Qe4xh7 Nf7h6
36.Qh7b7 Kg6
37.Qb7g7 Kf5
38.Qg7h7 Ke6
39.Qh7e7 Kf5
40.Qe7xd8 Qa1xb2
41.Be3d2 Qb2b6
42.Qd8xb6 axb6
43.Bd2e3 Kxf6
44.Be3xb6 Bg4h3
45.Bb6d8 Kf5
46.a4 Nh6g4
47.Kg1 Ng4e3
48.a5 Kg4
49.a6 Kxg3
50.a7 Bh3g2
51.Bd8xg5 Ne3c2
52.Nc3e2 Kg4
53.Kxg2 Nc2e1
54.Kf2 { resign }
1-0

[Event "Match"]
[Site "www.echecsemail.com"]
[Date "2015.10.03"]
[Round "1"]
[White "Fabos12"]
[Black "Pare123"]
[WhiteElo "1670"]
[BlackElo "2010"]
[Result "1-0"]
[Round "1"]
1.Ng1f3 c5
2.c3 Nb8c6
3.d4 cxd4
4.Nf3xd4 e5
5.Nd4f5 d5
6.Qd1c2 Qd8f6
7.g4 e4
8.h4 Bc8xf5
9.Bc1g5 Qf6g6
10.gxf5 Qg6xf5
11.Bf1h3 Qf5g6
12.Qc2b3 Qg6d6
13.e3 b6
14.Qb3b5 Ng8e7
15.Bg5f4 Qd6d8
16.Nb1d2 f6
17.Bh3e6 a6
18.Qb5e2 Ne7g6
19.Qe2h5 Ke7
20.Be6xd5 Ra8c8
21.Nd2xe4 Nc6e5
22.O-O-O Qd8c7
23.Ne4g3 Ke8
24.Ng3f5 Rc8d8
25.Rh1g1 Qc7c5
26.e4 Bf8e7
27.Bf4e3 Qc5c7
28.f4 Rd8xd5
29.Rd1xd5 Ne5f7
30.Nf5xg7 Kf8
31.Ng7e6 { resign }
1-0

[Event "Match"]
[Site "www.echecsemail.com"]
[Date "2015.10.03"]
[Round "1"]
[White "Karlgrocer"]
[Black "Pinehill"]
[WhiteElo "1940"]
[BlackElo "1920"]
[Result "0-1"]
[Round "1"]
1.Ng1f3 Ng8f6
2.e3 g6
3.Bf1e2 Bf8g7
4.O-O O-O
5.Nb1c3 d5
6.d4 c6
7.a3 Bc8f5
8.Nc3a4 Nb8d7
9.c4 dxc4
10.Na4c3 b5
11.Bc1d2 a6
12.Nf3h4 e6
13.Nh4xf5 exf5
14.Be2f3 Qd8c7
15.Ra1b1 Rf8e8
16.Nc3e2 Nf6e4
17.Ne2c3 Ne4xd2
18.Qd1xd2 Ra8d8
19.Qd2c2 Nd7b6
20.b4 Nb6d5
21.Nc3xd5 cxd5
22.h3 f4
23.exf4 Qc7xf4
24.Rf1e1 Qf4xd4
25.Re1d1 Qd4e5
26.Qc2d2 d4
27.Bf3b7 Qe5d6
28.Bb7f3 d3
29.Qd2a2 c3
30.Rd1f1 c2
31.Rb1c1 Bg7h6
32.Rc1a1 Qd6e6
33.Qa2xe6 Re8xe6
34.g4 d2
{ resign }
0-1

[Event "Match"]
[Site "www.echecsemail.com"]
[Date "2015.10.03"]
[Round "1"]
[White "Carlosto"]
[Black "Anquiro"]
[WhiteElo "1649"]
[BlackElo "1289"]
[Result "1-0"]
[Round "1"]
1.e3 e5
2.d4 d6
3.d5 Bc8f5
4.Bf1d3 e4
5.Bd3c4 h5
6.f3 Nb8c6
7.dxc6 bxc6
8.fxe4 Bf5g6
9.Qd1f3 h4
10.Ng1h3 a5
11.Nh3g5 Ra8b8
12.Ng5xf7 { resign }
1-0

[Event "Match"]
[Site "www.echecsemail.com"]
[Date "2015.10.03"]
[Round "1"]
[White "Carlosto"]
[Black "Santifx"]
[WhiteElo "1499"]
[BlackElo "1499"]
[Result "0-1"]
[Round "1"]
1.e3 e5
2.d4 Nb8c6
3.Ng1f3 d6
4.Nb1c3 Qd8e7
5.Bf1c4 exd4
6.Nc3d5 Qe7d7
7.e4 Ng8f6
8.Nf3xd4 Nf6xd5
9.Bc4xd5 Qd7g4
10.f3 Qg4xg2
11.Rh1f1 Bf8e7
12.Nd4xc6 Be7h4
13.Rf1f2 Qg2xf2
{ resign }
0-1

[Event "Match"]
[Site "www.echecsemail.com"]
[Date "2015.10.03"]
[Round "1"]
[White "Pinehill"]
[Black "Emerchess"]
[WhiteElo "1990"]
[BlackElo "1299"]
[Result "0-1"]
[Round "1"]
1.e4 e5
2.d4 exd4
3.c3 dxc3
4.Bf1c4 Nb8c6
5.bxc3 Bf8c5
6.Ng1f3 d6
7.O-O h6
8.Nb1d2 Ng8f6
9.Nd2b3 Bc5b6
10.e5 dxe5
11.Bc1b2 O-O
12.Qd1c2 a6
13.Ra1d1 Qd8e7
14.Rf1e1 Bc8g4
15.h3 Bg4xf3
16.gxf3 Nf6h5
17.Nb3d4 Qe7g5
18.Kh2 exd4
19.cxd4 Qg5h4
20.Re1g1 Nc6xd4
21.Bb2xd4 Bb6xd4
22.Qc2g6 Nh5f4
23.Rg1g3 Nf4xg6
{ resign }
0-1

[Event "Match"]
[Site "www.echecsemail.com"]
[Date "2015.10.03"]
[Round "1"]
[White "Andychesston"]
[Black "Chapi"]
[WhiteElo "2020"]
[BlackElo "2080"]
[Result "0-1"]
[Round "1"]
1.e4 c5
2.Ng1f3 Nb8c6
3.d4 cxd4
4.Nf3xd4 g6
5.Nb1c3 Bf8g7
6.Bc1e3 d6
7.Bf1c4 Ng8f6
8.Qd1f3 Nc6e5
9.Qf3e2 O-O
10.O-O-O Nf6g4
11.Qe2e1 Ng4xe3
12.Qe1xe3 Ne5xc4
13.Qe3d3 Nc4e5
14.Qd3b5 a6
15.Qb5b3 b5
16.f4 Ne5g4
17.Rh1e1 Bc8b7
18.h3 Ng4f6
19.g3 Ra8c8
20.e5 dxe5
21.Nd4e6 Qd8a5
22.Ne6xf8 Kxf8
23.fxe5 Nf6e8
24.Re1f1 f6
25.Rd1d7 Bb7c6
26.Rd7d4 Qa5c7
27.exf6 Bg7xf6
28.Rd4f4 Bc6g2
29.Rf1f2 Bg2xh3
30.g4 Kg7
31.Rf2f3 Qc7e5
32.Rf4e4 Rc8xc3
33.Re4xe5 Rc3xb3
34.Rf3xb3 Bf6xe5
35.Rb3xh3 Ne8f6
36.g5 Be5f4
37.Kd1 Bf4xg5
38.c3 h5
39.Rh3d3 h4
40.Ke1 Bg5f4
41.b3 g5
42.Kf2 e5
43.Rd3d6 h3
44.Rd6xa6 g4
45.Kg1 h2
46.Kg2 Nf6e4
47.Ra6a7 Kg6
48.c4 Ne4f2
49.Ra7a6 Kg5
50.Kxf2 h1Q
51.cxb5 g3
52.Ke2 g2
53.a4 g1Q
54.Kd3 Qg1d4
55.Kc2 Qd4d2

0-1

[Event "Match"]
[Site "www.echecsemail.com"]
[Date "2015.10.03"]
[Round "1"]
[White "Carlosto"]
[Black "Anquiro"]
[WhiteElo "1339"]
[BlackElo "1499"]
[Result "1-0"]
[Round "1"]
1.e3 f5
2.d4 Nb8c6
3.Nb1c3 e6
4.Ng1f3 Ng8f6
5.Bf1c4 d5
6.Bc4b3 Bf8b4
7.O-O Nf6g4
8.e4 fxe4
9.Bc1g5 Qd8d7
10.Nf3e5 Nc6xe5
11.Bb3a4 c6
12.h3 Ng4h2
13.Kxh2 h6
14.f4 Ne5c4
15.Qd1h5 Qd7f7
16.g4 Nc4e3
17.Qh5xf7 Kxf7
18.Rf1e1 Ne3c4
19.Bg5h4 h5
20.Re1g1 hxg4
21.Rg1xg4 Nc4e3
22.Rg4g3 Ne3c4
23.Ra1g1 Nc4xb2
24.Rg3xg7 Kf8
25.Bh4f6 b5
26.Ba4xb5 cxb5
27.Nc3xb5 Bb4a5
28.Nb5c7 { resign }
1-0

[Event "Match"]
[Site "www.echecsemail.com"]
[Date "2015.10.03"]
[Round "1"]
[White "Wilddog"]
[Black "Anquiro"]
[WhiteElo "1499"]
[BlackElo "1499"]
[Result "1-0"]
[Round "1"]
1.e4 d6
2.Ng1f3 Ng8f6
3.d4 Bc8g4
4.h3 Bg4e6
5.g4 Nf6xe4
6.c4 Nb8c6
7.Nb1c3 g6
8.Bc1d2 Ne4f6
9.g5 Nf6h5
10.d5 Nc6b4
11.dxe6 fxe6
12.Qd1a4 Qd8d7
13.Qa4xb4 Qd7c6
14.Bf1g2 Bf8g7
15.Nc3a4 Bg7d4
16.Nf3xd4 Qc6d7
17.Bg2xb7 Ra8b8
18.Rh1f1 e5
19.Nd4b3 Qd7c6
20.Bb7xc6 Kf8
21.Qb4xb8 { resign }
1-0

[Event "Match"]
[Site "www.echecsemail.com"]
[Date "2015.10.03"]
[Round "1"]
[White "Drdoom"]
[Black "Azorau"]
[WhiteElo "1770"]
[BlackElo "1910"]
[Result "1-0"]
[Round "1"]
1.e4 e5
2.Ng1f3 Nb8c6
3.d4 Qd8e7
4.d5 Nc6d8
5.c4 Qe7b4
6.Nb1c3 Bf8c5
7.Qd1c2 d6
8.h3 Ng8f6
9.Bc1d2 Qb4b6
10.Nc3a4 Qb6a6
11.b4 b5
12.bxc5 bxa4
13.cxd6 cxd6
14.c5 Qa6b7
15.c6 Qb7c7
16.Qc2xa4 O-O
17.Bd2a5 Qc7b8
18.Bf1d3 Qb8b2
19.Ra1b1 Ra8b8
20.Rb1xb2 Rb8xb2
21.Ba5xd8 Rf8xd8
22.Qa4xa7 Nf6h5
23.O-O Nh5f6
24.a4 Rb2b3
25.Qa7a5 Rd8e8
26.Bd3c2 Rb3b2
27.Qa5c3 Rb2b8
28.a5 Bc8a6
29.Rf1e1 Re8c8
30.Bc2d3 Ba6xd3
31.Qc3xd3 Nf6h5
32.a6 Nh5f4
33.Qd3e3 Rb8a8
34.a7 Rc8c7
35.Re1a1 h5
36.Ra1b1 Rc7xa7
37.Rb1b7 Ra7a3
38.Qe3b6 Nf4e2
39.Kh2 Ra3c3
40.Rb7b8 Ra8xb8
41.Qb6xb8 Kh7
42.c7 { resign }
1-0

[Event "Match"]
[Site "www.echecsemail.com"]
[Date "2015.10.03"]
[Round "1"]
[White "Delacey"]
[Black "Flick"]
[WhiteElo "1820"]
[BlackElo "1870"]
[Result "1-0"]
[Round "1"]
1.d4 Ng8f6
2.c4 g6
3.Nb1c3 d5
4.cxd5 Nf6xd5
5.e4 Nd5xc3
6.bxc3 Bf8g7
7.Ng1f3 c5
8.Bc1e3 Nb8c6
9.Bf1b5 Bc8d7
10.O-O Bd7g4
11.Bb5xc6 bxc6
12.Ra1c1 cxd4
13.cxd4 O-O
14.h3 Bg4e6
15.Rc1xc6 Be6xa2
16.Qd1d2 Ba2e6
17.Be3h6 Be6d7
18.Rc6c5 f6
19.Bh6xg7 Kxg7
20.d5 Bd7e8
21.Qd2c3 Ra8b8
22.e5 Kg8
23.e6 h6
24.Rf1c1 Be8b5
25.Qc3e3 Qd8b6
26.Qe3xh6 Bb5e8
27.Rc1c4 Qb6d6
28.Rc4c1 Qd6a6
29.Rc5c4 { resign }
1-0

[Event "Eq:chibcha-Team USA : "]
[Site "www.chess-mail.com"]
[Date "2015.10.03"]
[Round "1"]
[White "Tbsundar"]
[Black "Tomcapp"]
[WhiteElo "2070"]
[BlackElo "1680"]
[Result "1-0"]
[Round "1"]
1.d4 d5
2.c4 dxc4
3.e3 b5
4.a4 Bc8d7
5.axb5 Bd7xb5
6.Nb1a3 c6
7.Na3xb5 cxb5
8.b3 e6
9.Bc1d2 cxb3
10.Bf1xb5 Nb8d7
11.Qd1xb3 Ng8e7
12.Ng1f3 Ne7d5
13.Nf3e5 Nd5f6
14.O-O Ra8b8
15.Ra1xa7 Bf8d6
16.Ne5c6 Qd8b6
17.Nc6xb8 Qb6xa7
18.Nb8xd7 Nf6xd7
19.Bd2b4 Bd6xb4
20.Qb3xb4 Kd8
21.Qb4d6 Ke8
22.Rf1b1 Rh8f8
23.Bb5xd7 Qa7xd7
24.Rb1b8 { resign }
1-0

[Event "Tourn. n8298"]
[Site "www.chess-mail.com"]
[Date "2015.10.04"]
[Round "1"]
[White "Libiesse"]
[Black "Liencam2"]
[WhiteElo "2020"]
[BlackElo "2280"]
[Result "0-1"]
[Round "1"]
1.d4 Ng8f6
2.c4 g6
3.Nb1c3 Bf8g7
4.Ng1f3 d6
5.Bc1f4 O-O
6.e4 Nb8d7
7.Bf1e2 Nf6h5
8.Bf4g3 e5
9.dxe5 dxe5
10.Qd1c2 c6
11.Ra1d1 Qd8e7
12.Bg3h4 Qe7c5
13.O-O Nh5f4
14.Bh4g3 Nf4xe2
15.Qc2xe2 Nd7f6
16.Nf3xe5 Rf8e8
17.Ne5d3 Qc5xc4
18.f3 b6
19.Nd3f4 Qc4c5
20.Bg3f2 Qc5a5
21.Bf2e1 Qa5e5
22.g3 a5
23.Be1f2 Bc8a6
24.Qe2c2 Ba6xf1
25.Bf2d4 Qe5e7
26.Bd4xf6 Qe7xf6
27.Rd1xf1 Ra8d8
28.Kg2 Re8e7
29.Nc3a4 Re7d7
30.Rf1f2 b5
31.Na4c5 Rd7d4
32.b3 Qf6e7
33.Nf4d3 Bg7e5
34.a3 Be5c7
35.Rf2e2 Bc7b6
36.b4 Rd4c4
37.Qc2b3 axb4
38.axb4 Bb6xc5
39.Nd3xc5 Rc4xc5
40.bxc5 Qe7xc5
41.Re2c2 Qc5b6
42.Qb3c3 Rd8c8
43.Qc3c5 Qb6xc5
44.Rc2xc5 Kf8
45.Kf2 Ke7
46.Ke3 f6
47.f4 b4
48.Kd3 Kd7
49.Kc2 Kd6
50.Rc5c4 c5
51.Kb3 Rc8a8
52.Rc4c2 Ra8a3
53.Kc4 Ra3e3
54.Kb5 b3
55.Rc2d2 Ke6
56.Kxc5 Re3xe4
57.Rd2b2 Re4e3
58.Kc4 Kf5
59.Rb2xb3 Re3xb3
60.Kxb3 Kg4
{ resign }
0-1

[Event "Tourn. n8393"]
[Site "www.chess-mail.com"]
[Date "2015.10.04"]
[Round "1"]
[White "Iko"]
[Black "Giupiter"]
[WhiteElo "1620"]
[BlackElo "1769"]
[Result "1-0"]
[Round "1"]
1.e4 Ng8f6
2.e5 Nf6d5
3.Bf1c4 Nd5b6
4.b3 d5
5.Bc4d3 Nb8c6
6.f4 g6
7.Ng1f3 Bc8g4
8.Bc1b2 Bf8g7
9.h3  { time }
1-0

[Event "Tourn. n8298"]
[Site "www.chess-mail.com"]
[Date "2015.10.04"]
[Round "1"]
[White "Ff333"]
[Black "Libiesse"]
[WhiteElo "2060"]
[BlackElo "2020"]
[Result "0-1"]
[Round "1"]
1.e4 c5
2.Ng1f3 e6
3.Bf1c4 a6
4.O-O b5
5.Bc4e2 Bc8b7
6.d3 Nb8c6
7.b3 Nc6a5
8.Bc1b2 d5
9.e5 Ng8e7
10.d4 c4
11.b4 Na5c6
12.c3 Ne7g6
13.g3 Bf8e7
14.Bb2c1 O-O
15.a4 f6
16.exf6 Be7xf6
17.a5 e5
18.dxe5 Ng6xe5
19.Nf3d4 Nc6xd4
20.cxd4 Ne5c6
21.Bc1e3 Nc6xb4
22.Nb1c3 Nb4c6
23.Be2f3 Nc6xa5
24.Kg2 Na5b3
25.Ra1a2 b4
26.Nc3a4 a5
27.Na4c5 Nb3xc5
28.dxc5 b3
29.Ra2d2 a4
30.Bf3xd5 Bb7xd5
31.Rd2xd5 Qd8c7
32.Be3f4 Qc7c6
33.Bf4e3 Ra8d8
34.Kg1 Rd8xd5
35.Qd1f3 Rd5xc5
36.Qf3d1 Rc5d5
37.Qd1g4 c3
 { time }
0-1

[Event "Tourn. n8382"]
[Site "www.chess-mail.com"]
[Date "2015.10.04"]
[Round "1"]
[White "Scasan55"]
[Black "Madz123456"]
[WhiteElo "2040"]
[BlackElo "2240"]
[Result "0-1"]
[Round "1"]
1.e4 c5
2.c3 Ng8f6
3.d3 g6
4.Ng1f3 d6
5.Bf1e2 Bf8g7
6.Bc1g5 Nb8c6
7.O-O O-O
8.Qd1d2 b6
9.Bg5h6 e5
10.Bh6xg7 Kxg7
11.h3 d5
12.exd5 Nf6xd5
13.Nb1a3 Nd5f4
14.Na3c4 f6
15.Rf1e1 Bc8e6
16.Nc4e3 Qd8d7
17.Nf3h2 e4
18.Ra1d1 Ra8d8
19.Qd2c2 exd3
20.Be2xd3 Nf4xd3
21.Re1e2 c4
22.Re2d2 Nc6e5
23.b3 b5
24.bxc4 bxc4
25.f4 Ne5c6
26.Nh2f3 Qd7d6
27.Qc2a4 Qd6c5
28.Kh1 Qc5xe3
29.Rd2xd3 Rd8xd3
30.Rd1xd3 cxd3
31.Qa4xc6 Rf8d8
32.Nf3d4 Rd8xd4
33.cxd4 d2
34.Qc6c7 Be6f7
{ resign }
0-1

[Event "Tourn. n8393"]
[Site "www.chess-mail.com"]
[Date "2015.10.04"]
[Round "1"]
[White "Giupiter"]
[Black "Gatrooper"]
[WhiteElo "1679"]
[BlackElo "1510"]
[Result "0-1"]
[Round "1"]
1.d4 d5
2.c4 dxc4
3.Nb1c3 Ng8f6
4.e4 e6
5.a3 h6
6.Bf1xc4 Nb8c6
7.Ng1f3 a6
8.O-O Bc8d7
9.d5 exd5
10.exd5 Nc6e7
11.Nf3e5 Ne7g6
 { time }
0-1

[Event "Tourn. n8415"]
[Site "www.chess-mail.com"]
[Date "2015.10.04"]
[Round "1"]
[White "Emerchess"]
[Black "Bojan"]
[WhiteElo "1859"]
[BlackElo "1910"]
[Result "0-1"]
[Round "1"]
1.Ng1f3 Ng8f6
2.d4 g6
3.Bc1g5 Bf8g7
4.h3 Nf6e4
5.Bg5f4 c6
6.e3 d6
7.Nb1d2 Qd8a5
8.Bf1d3 Ne4xd2
9.Nf3xd2 e5
10.dxe5 dxe5
11.Bf4h2 f6
12.O-O Bc8e6
13.Nd2c4 Qa5b4
14.Nc4d6 Qb4xd6
15.Bd3xg6 Ke7
16.Qd1xd6 Kxd6
17.Rf1d1 Ke7
18.Bg6d3 Nb8d7
19.Rd1d2 Nd7c5
20.Bd3e2 Ra8d8
21.Ra1d1 Be6xa2
22.b3 Rd8xd2
23.Rd1xd2 Ba2b1
24.Rd2d1 Bb1xc2
25.Rd1c1 Bc2d3
{ resign }
0-1

[Event "Tourn. n8381"]
[Site "www.chess-mail.com"]
[Date "2015.10.04"]
[Round "1"]
[White "Daquata"]
[Black "Tomcapp"]
[WhiteElo "1730"]
[BlackElo "1680"]
[Result "1-0"]
[Round "1"]
1.e4 e5
2.Ng1f3 Nb8c6
3.Bf1c4 Ng8f6
4.Nf3g5 d5
5.exd5 h6
6.Ng5xf7 Kxf7
7.dxc6 Bc8e6
8.Bc4xe6 Kxe6
9.cxb7 Ra8b8
10.d3 Rb8xb7
11.Qd1f3 Rb7b5
12.O-O Bf8e7
13.Nb1c3 Rb5a5
14.Bc1d2 Be7b4
15.a3 Bb4xc3
16.Bd2xc3 Ra5a4
17.Qf3c6 Kf7
18.Qc6xa4 Kg6
19.Bc3xe5 Kf7
20.Be5xf6 Qd8xf6
21.Qa4d7 Kg8
22.Qd7xc7 Kh7
23.Rf1e1 Qf6xb2
24.c4 Rh8e8
25.h3 Re8f8
26.Re1f1 Rf8xf2
27.Rf1xf2 Qb2xa1
28.Kh2 a5
29.Qc7c5 Qa1c3
30.a4 Qc3xd3
31.Qc5f5 Qd3xf5
32.Rf2xf5 Kg6
33.Rf5xa5 Kf6
34.Ra5b5 Ke6
35.a5 Kd6
36.a6 Kc7
37.a7 Kd6
38.a8Q { resign }
1-0

[Event "Tourn. n8383"]
[Site "www.chess-mail.com"]
[Date "2015.10.04"]
[Round "1"]
[White "Bojan"]
[Black "Falcoale"]
[WhiteElo "1870"]
[BlackElo "1950"]
[Result "0-1"]
[Round "1"]
1.e4 c5
2.Bf1c4 e6
3.e5 Nb8c6
4.f4 a6
5.Nb1c3 b5
6.Bc4d3 Bc8b7
7.Ng1f3 d5
8.a3 d4
9.Nc3a2 c4
10.Bd3e4 Ra8b8
11.d3 cxd3
12.Qd1xd3 g6
13.Bc1d2 Ng8e7
14.Na2b4 Nc6xb4
15.axb4 Bb7xe4
16.Qd3xe4 Ne7f5
17.c3 dxc3
18.bxc3 Rb8c8
19.O-O Rc8c4
20.Qe4c2 Bf8xb4
21.Qc2b3 Bb4c5
22.Kh1 Qd8c8
23.Rf1e1 Nf5e7
24.Bd2e3 Ne7d5
25.Be3d2 O-O
26.Re1e2 Qc8c6
27.Nf3e1 Rf8d8
28.Ne1d3 Bc5e7
29.Nd3b4 Nd5xb4
30.cxb4 Rc4d4
31.Bd2e3 Rd4xb4
32.Qb3c2 Rb4c4
33.Qc2a2 Rd8a8
34.Qa2b3 Ra8c8
35.h3 Qc6d5
36.Kh2 Rc8a8
37.Re2d2 Qd5c6
38.Qb3d1 Qc6e4
39.Rd2e2 Qe4c6
40.Ra1a2 a5
41.Re2c2 a4
42.Rc2xc4 Qc6xc4
43.Ra2c2 Qc4e4
44.Be3c1 Ra8d8
45.Qd1f1 Qe4xc2
{ resign }
0-1

[Event "Tourn. n8357"]
[Site "www.chess-mail.com"]
[Date "2015.10.04"]
[Round "1"]
[White "Gegonz"]
[Black "Falcoale"]
[WhiteElo "1910"]
[BlackElo "1930"]
[Result "0-1"]
[Round "1"]
1.e3 c5
2.Ng1f3 Nb8c6
3.Bf1e2 e6
4.c4 Ng8f6
5.Nb1c3 Bf8e7
6.O-O O-O
7.d4 cxd4
8.exd4 b6
9.d5 exd5
10.cxd5 Nc6b4
11.d6 Bc8b7
12.dxe7 Qd8xe7
13.a3 Nb4c6
14.Bc1g5 Nc6d8
15.Rf1e1 Nd8e6
16.Bg5xf6 Qe7xf6
17.Qd1xd7 Bb7c8
18.Qd7a4 Bc8b7
19.Qa4h4 Qf6xh4
20.Nf3xh4 Ne6d4
21.Be2d3 Nd4e6
22.Bd3e4 Bb7xe4
23.Re1xe4 Ne6c5
24.Re4e7 Rf8d8
25.Ra1e1 { time. }
0-1